<?xml version="1.0" encoding="UTF-8"?>
<record
    xmlns:xsi="http://www.w3.org/2001/XMLSchema-instance"
    xsi:schemaLocation="http://www.loc.gov/MARC21/slim http://www.loc.gov/standards/marcxml/schema/MARC21slim.xsd"
    xmlns="http://www.loc.gov/MARC21/slim">

  <leader>02699nam a2200253   4500</leader>
  <controlfield tag="003">vecauma</controlfield>
  <controlfield tag="005">20260422200306.0</controlfield>
  <controlfield tag="007">ta</controlfield>
  <controlfield tag="008">260422b        ve ||||| |||| 00| 0 spa d</controlfield>
  <datafield tag="020" ind1=" " ind2=" ">
    <subfield code="a">8480888970</subfield>
  </datafield>
  <datafield tag="040" ind1=" " ind2=" ">
    <subfield code="a">vecauma</subfield>
    <subfield code="b">spa</subfield>
    <subfield code="c">vecauma</subfield>
    <subfield code="d">vecauma</subfield>
    <subfield code="e">rda</subfield>
  </datafield>
  <datafield tag="041" ind1=" " ind2=" ">
    <subfield code="a">spa</subfield>
  </datafield>
  <datafield tag="100" ind1="1" ind2=" ">
    <subfield code="e">autor</subfield>
  </datafield>
  <datafield tag="245" ind1="1" ind2=" ">
    <subfield code="a">C&#xF3;mo mienten las empresas &#xBF;Por qu&#xE9; Enron es tan s&#xF3;lo la punta del Iceberg? </subfield>
    <subfield code="b">Una gu&#xED;a para comprender el fraude contable y la ingenier&#xED;a financiera </subfield>
    <subfield code="c">/ A. Larry Elliot y Richard J. Schroth</subfield>
  </datafield>
  <datafield tag="264" ind1=" " ind2=" ">
    <subfield code="a">Espa&#xF1;a:</subfield>
    <subfield code="b">Gesti&#xF3;n 2000, S.A.;</subfield>
    <subfield code="c">2003.</subfield>
  </datafield>
  <datafield tag="300" ind1=" " ind2=" ">
    <subfield code="a">156 p&#xE1;ginas.</subfield>
  </datafield>
  <datafield tag="336" ind1=" " ind2=" ">
    <subfield code="a">texto</subfield>
    <subfield code="b">txt</subfield>
    <subfield code="2">rdacontenido</subfield>
  </datafield>
  <datafield tag="337" ind1=" " ind2=" ">
    <subfield code="a">no mediado</subfield>
    <subfield code="b">n</subfield>
    <subfield code="2">rdamedio</subfield>
  </datafield>
  <datafield tag="338" ind1=" " ind2=" ">
    <subfield code="a">volumen</subfield>
    <subfield code="b">nc</subfield>
    <subfield code="2">rdasoporte</subfield>
  </datafield>
  <datafield tag="505" ind1="0" ind2=" ">
    <subfield code="a">Los mecanismos de la mentira /
El arte de los tramposos astutos /
La protecci&#xF3;n de inversores y empresas /
Palabras sin fundamento /
La neblina de la complejidad corporativa /
Administraci&#xF3;n disfuncional /
Los mercados han hablado / </subfield>
  </datafield>
  <datafield tag="520" ind1="3" ind2=" ">
    <subfield code="a">Los mercados, gracias a las mentiras de algunos directivos y de todos los que les rodean, son los casinos y los can&#xF3;dromos del nuevo siglo. Existe una diferencia b&#xE1;sica, sin embargo, entre las apuestas en los casinos y las apuestas para ganar dinero invirtiendo en empresas: en Las Vegas es posible calcular las apuestas y la probabilidad de ganar o perder. Algo que actualmente resulta imposible en la bolsa debido al comportamiento de las empresas que en ella cotizan. Los que juegan en los casinos no suelen en el transcurso del juego a&#xF1;adir o retirar un par de ases, pero esto s&#xED; sucede en Wall Street y entre las empresas que cotizan en bolsa.

Enron, Tyco, Sunbeam, Global Crossings, Waste Management y, ahora, WorldCom, no son m&#xE1;s que la punta del iceberg, los s&#xED;ntomas en la superficie que revelan lo que deben hacer las empresas del futuro para evitar sucumbir. Afortunadamente, existen m&#xE9;todos para que el inversor individual reconozca las empresas que corren el peligro de convertirse en el pr&#xF3;ximo Enron.

Esta obra nos alerta sobre:
.Los mecanismos de la contabilidad creativa
.El arte de los tramposos astutos
.Las palabras sin fundamento
.La neblina de la complejidad corporativa

A. Larry Elliott es presidente y director general de EDA, Inc., y antiguo socio de Heidrick y Struggles, una de las empresas l&#xED;deres mundiales en investigaci&#xF3;n empresarial.

Richard J. Schroth trabaja como consultor y asesor en tecnolog&#xED;a emergente y estrategia empresarial para muchas empresas l&#xED;deres mundiales. Es fundador, director general y presidente de Executive Insights, Ltd y Executive Viewpoints, Inc.</subfield>
  </datafield>
  <datafield tag="942" ind1=" " ind2="1">
    <subfield code="2">lcc</subfield>
    <subfield code="n">0</subfield>
    <subfield code="c">BK</subfield>
  </datafield>
  <datafield tag="999" ind1=" " ind2=" ">
    <subfield code="c">13419</subfield>
    <subfield code="d">13419</subfield>
  </datafield>
  <datafield tag="952" ind1=" " ind2=" ">
    <subfield code="0">0</subfield>
    <subfield code="1">0</subfield>
    <subfield code="2">lcc</subfield>
    <subfield code="4">0</subfield>
    <subfield code="7">0</subfield>
    <subfield code="8">CG</subfield>
    <subfield code="a">BUMA</subfield>
    <subfield code="b">BUMA</subfield>
    <subfield code="c">GEN</subfield>
    <subfield code="d">2026-04-22</subfield>
    <subfield code="i">49087</subfield>
    <subfield code="l">0</subfield>
    <subfield code="p">2026-0562</subfield>
    <subfield code="r">2026-04-22</subfield>
    <subfield code="w">2026-04-22</subfield>
    <subfield code="y">BK</subfield>
  </datafield>
</record>
